[Event "FIN-ch Seniors 65"]
[Site "Helsinki"]
[Date "2024.04.03"]
[Round "6"]
[White "Sorvari, Jarmo"]
[Black "Koskinen, Veikko"]
[Result "1-0"]
[WhiteElo "2057"]
[BlackElo "1929"]
[PlyCount "35"]
[EventDate "2024.03.29"]
[EventType "swiss"]
[EventRounds "9"]
[EventCountry "FIN"]
[SourceTitle "CB15_2024"]
[SourceDate "2024.04.10"]
[SourceVersion "1"]
[SourceVersionDate "2024.04.10"]
[SourceQuality "1"]

1. d4 f5 2. Bg5 g6 3. Nc3 Bg7 4. e3 d5 5. h4 h6 6. Bf4 Nf6 7. Qf3 Be6 8. Qg3 Bf7 9. Bxc7 Qc8 10. Be2 0-0 11. Nf3 Nc6 12. a3 Kh7 13. 0-0-0 Ng4 14. Bf4 h5 15. Ng5+ Kg8 16. Nxf7 Kxf7 17. Nxd5 e6 18. Nc7 1-0

[Event "FIN-chT 2022"]
[Site "Finland"]
[Date "2022.04.10"]
[Round "2.3"]
[White "Wallin, Aleksi"]
[Black "Sorvari, Jarmo"]
[Result "1-0"]
[WhiteElo "2159"]
[BlackElo "2037"]
[PlyCount "71"]
[EventDate "2020.09.12"]
[EventType "team-tourn"]
[EventRounds "11"]
[EventCountry "FIN"]
[SourceTitle "EXT 2023"]
[Source "ChessBase"]
[SourceDate "2022.10.05"]
[SourceVersion "1"]
[SourceVersionDate "2022.10.05"]
[SourceQuality "1"]
[WhiteTeam "Sastamala VammSK II"]
[BlackTeam "Tampere Tammer"]
[WhiteTeamCountry "FIN"]
[BlackTeamCountry "FIN"]

1. d4 Nf6 2. c4 e6 3. Nc3 Bb4 4. Qc2 Nc6 5. Nf3 d6 6. Bd2 0-0 7. a3 Bxc3 8. Bxc3 Re8 9. e3 a5 10. b3 e5 11. d5 Ne7 12. Nd2 Bf5 13. e4 Bd7 14. Be2 Ng6 15. h4 h6 16. g3 c6 17. Kf1 Rc8 18. Qd3 b5 19. a4 b4 20. Bb2 c5 21. Kg2 Qe7 22. Rae1 Bg4 23. f3 Bd7 24. h5 Nf8 25. Bd1 N8h7 26. f4 Bg4 27. Bf3 Qd7 28. Rh4 Re7 29. Qe2 Bxf3+ 30. Qxf3 Rce8 31. fxe5 Ng5 32. Qf2 dxe5 33. Qxc5 Ne6 34. Qf2 Nf4+ 35. gxf4 Nxh5 36. fxe5 1-0

[Event "FIN-chT 2022"]
[Site "Finland"]
[Date "2021.10.16"]
[Round "3.5"]
[White "Heinola, Vesa Pekka"]
[Black "Sorvari, Jarmo"]
[Result "1-0"]
[WhiteElo "2245"]
[BlackElo "2037"]
[PlyCount "73"]
[EventDate "2020.09.12"]
[EventType "team-tourn"]
[EventRounds "11"]
[EventCountry "FIN"]
[SourceTitle "EXT 2023"]
[Source "ChessBase"]
[SourceDate "2022.10.05"]
[SourceVersion "1"]
[SourceVersionDate "2022.10.05"]
[SourceQuality "1"]
[WhiteTeam "Sastamala VammSK"]
[BlackTeam "Tampere Tammer"]
[WhiteTeamCountry "FIN"]
[BlackTeamCountry "FIN"]

1. d4 Nf6 2. c4 e6 3. Nf3 Bb4+ 4. Nbd2 0-0 5. a3 Be7 6. e4 d5 7. Qc2 dxe4 8. Nxe4 Nxe4 9. Qxe4 Nd7 10. Bd3 Nf6 11. Qe2 b6 12. Bg5 Bb7 13. Rd1 Nd7 14. Bf4 Re8 15. 0-0 Bf6 16. Rfe1 Qc8 17. Ne5 Nxe5 18. dxe5 Be7 19. Qh5 g6 20. Qg4 c5 21. h4 h5 22. Qg3 Kh7 23. Bg5 Qc7 24. Qf4 Kg8 25. Bc2 Rad8 26. Bxe7 Qxe7 27. Rd6 Kg7 28. Red1 Rxd6 29. Rxd6 Rc8 30. Ba4 Rc7 31. f3 Bc8 32. Kh2 Kh7 33. g3 Bd7 34. Bc2 Be8 35. Qd2 Bc6 36. Kg2 Rd7 37. Be4 1-0

[Event "Turku TuTS op"]
[Site "Turku"]
[Date "2019.12.01"]
[Round "5"]
[White "Kuznetsov, Felix"]
[Black "Sorvari, Jarmo"]
[Result "1-0"]
[WhiteElo "2352"]
[BlackElo "2034"]
[PlyCount "53"]
[EventDate "2019.11.29"]
[EventType "swiss"]
[EventRounds "5"]
[EventCountry "FIN"]
[SourceTitle "EXT 2021"]
[Source "ChessBase"]
[SourceDate "2020.10.23"]
[SourceVersion "1"]
[SourceVersionDate "2020.10.23"]
[SourceQuality "1"]

1. e4 c5 2. Nf3 d6 3. d4 cxd4 4. Nxd4 Nf6 5. Nc3 a6 6. Be3 e5 7. Nb3 Be6 8. Qd2 Be7 9. 0-0-0 Ng4 10. g3 Nxe3 11. Qxe3 Nd7 12. f4 0-0 13. Kb1 Rc8 14. f5 Bc4 15. Bxc4 Rxc4 16. Nd5 Nf6 17. Nxf6+ Bxf6 18. Qd3 Qc7 19. h4 Rc8 20. c3 b5 21. Rhe1 Be7 22. Nd2 Rc5 23. Nf1 b4 24. cxb4 Rc4 25. Ne3 Rd4 26. Qxa6 Rxe4 27. Rc1 1-0

[Event "Helsinki Aaltio Memorial"]
[Site "Helsinki"]
[Date "2019.05.25"]
[Round "2"]
[White "Patosalmi, Juha"]
[Black "Sorvari, Jarmo"]
[Result "1/2-1/2"]
[WhiteElo "1917"]
[BlackElo "2036"]
[PlyCount "65"]
[EventDate "2019.05.24"]
[EventType "swiss"]
[EventRounds "5"]
[EventCountry "FIN"]
[SourceTitle "EXT 2021"]
[Source "ChessBase"]
[SourceDate "2020.10.23"]
[SourceVersion "1"]
[SourceVersionDate "2020.10.23"]
[SourceQuality "1"]

1. e4 c5 2. Nf3 d6 3. d4 cxd4 4. Nxd4 Nf6 5. Nc3 a6 6. Bg5 e6 7. f4 b5 8. e5 dxe5 9. fxe5 Qc7 10. exf6 Qe5+ 11. Be2 Qxg5 12. 0-0 Ra7 13. Qd3 Rd7 14. Ne4 Qe5 15. Nf3 Qc7 16. Qb3 Bb7 17. Nfg5 Bd5 18. Qg3 Qxg3 19. Nxg3 gxf6 20. N5e4 Be7 21. Nxf6+ Bxf6 22. Rxf6 Rc7 23. c3 Nd7 24. Rf2 0-0 25. a4 Rb8 26. axb5 axb5 27. Rd1 Ne5 28. Nh5 Bc4 29. Rd4 f5 30. Nf4 Kf7 31. Bxc4 Nxc4 32. Nd3 Kf6 33. Nb4 1/2-1/2

[Event "Helsinki Aaltio Memorial"]
[Site "Helsinki"]
[Date "2019.05.25"]
[Round "3"]
[White "Sorvari, Jarmo"]
[Black "Bederdin, Lauri"]
[Result "1/2-1/2"]
[WhiteElo "2036"]
[BlackElo "2117"]
[PlyCount "35"]
[EventDate "2019.05.24"]
[EventType "swiss"]
[EventRounds "5"]
[EventCountry "FIN"]
[SourceTitle "EXT 2021"]
[Source "ChessBase"]
[SourceDate "2020.10.23"]
[SourceVersion "1"]
[SourceVersionDate "2020.10.23"]
[SourceQuality "1"]

1. d4 Nf6 2. c4 g6 3. Nc3 Bg7 4. Nf3 d6 5. Bg5 h6 6. Bh4 g5 7. Bg3 Nh5 8. e3 c5 9. d5 Qa5 10. Qc2 Nd7 11. Be2 a6 12. 0-0 Rb8 13. a4 Nxg3 14. hxg3 Ne5 15. Nd2 Bd7 16. Qd1 Ng6 17. Qc2 0-0 18. f4 1/2-1/2

[Event "FIN-chT1A 1819"]
[Site "Finland"]
[Date "2018.12.08"]
[Round "4.1"]
[White "Kauppila, Osmo"]
[Black "Sorvari, Jarmo"]
[Result "1-0"]
[WhiteElo "2294"]
[BlackElo "2086"]
[PlyCount "43"]
[EventDate "2018.09.15"]
[EventType "team-tourn"]
[EventRounds "7"]
[EventCountry "FIN"]
[SourceTitle "EXT 2020"]
[Source "ChessBase"]
[SourceDate "2019.10.17"]
[SourceVersion "1"]
[SourceVersionDate "2019.10.17"]
[SourceQuality "1"]
[WhiteTeam "Raahe Li"]
[BlackTeam "Tampere Tammer II"]
[WhiteTeamCountry "FIN"]
[BlackTeamCountry "FIN"]

1. d4 Nf6 2. c4 e6 3. g3 Bb4+ 4. Bd2 a5 5. Bg2 0-0 6. Nf3 Nc6 7. 0-0 Bxd2 8. Qxd2 d6 9. Nc3 Qe7 10. Rfd1 Rd8 11. Rac1 d5 12. Ne5 Bd7 13. cxd5 exd5 14. Bxd5 Nxe5 15. dxe5 Nxd5 16. Nxd5 Qxe5 17. Rxc7 Kf8 18. Qc2 g6 19. f4 Qd6 20. Qc3 f6 21. Qxf6+ Qxf6 22. Nxf6 1-0

[Event "FIN-chT1A 1819"]
[Site "Finland"]
[Date "2018.11.10"]
[Round "3.1"]
[White "Kinnunen, Kari"]
[Black "Sorvari, Jarmo"]
[Result "1/2-1/2"]
[WhiteElo "2139"]
[BlackElo "2086"]
[PlyCount "57"]
[EventDate "2018.09.15"]
[EventType "team-tourn"]
[EventRounds "7"]
[EventCountry "FIN"]
[SourceTitle "EXT 2020"]
[Source "ChessBase"]
[SourceDate "2019.10.17"]
[SourceVersion "1"]
[SourceVersionDate "2019.10.17"]
[SourceQuality "1"]
[WhiteTeam "Vaasa VSS"]
[BlackTeam "Tampere Tammer II"]
[WhiteTeamCountry "FIN"]
[BlackTeamCountry "FIN"]

1. d4 Nf6 2. c4 e6 3. Nf3 Bb4+ 4. Bd2 Qe7 5. g3 Nc6 6. Bg2 Bxd2+ 7. Nbxd2 d6 8. 0-0 0-0 9. e4 e5 10. d5 Nb8 11. b4 a5 12. a3 Na6 13. Qb3 Bd7 14. Rfc1 c6 15. Ne1 axb4 16. axb4 c5 17. b5 Nb4 18. Nc2 Nxc2 19. Qxc2 Ng4 20. h3 Nh6 21. Qc3 f5 22. Rxa8 Rxa8 23. Ra1 Rf8 24. Qa5 fxe4 25. Nxe4 Bf5 26. Qb6 Bxe4 27. Bxe4 g6 28. Qa5 Nf7 29. Qc3 1/2-1/2

[Event "Tampere TammerSh fall-A"]
[Site "Tampere"]
[Date "2018.10.14"]
[Round "3"]
[White "Sorvari, Jarmo"]
[Black "Wartiovaara, Oliver"]
[Result "0-1"]
[WhiteElo "2085"]
[BlackElo "1984"]
[PlyCount "100"]
[EventDate "2018.10.13"]
[EventType "swiss"]
[EventRounds "4"]
[EventCountry "FIN"]
[SourceTitle "EXT 2021"]
[Source "ChessBase"]
[SourceDate "2020.10.23"]
[SourceVersion "1"]
[SourceVersionDate "2020.10.23"]
[SourceQuality "1"]

1. d4 Nf6 2. c4 g6 3. Nc3 d5 4. cxd5 Nxd5 5. Na4 Bg7 6. e4 Nb6 7. Be3 0-0 8. Nf3 Bg4 9. Nc5 Nc6 10. Nxb7 Qb8 11. Ba6 e5 12. d5 Nb4 13. Nc5 N6xd5 14. Bb7 Nxe3 15. fxe3 Bxf3 16. gxf3 Rd8 17. Qb3 Bf8 18. Qxb4 Bxc5 19. Qxc5 Qxb7 20. b3 Qa6 21. Qc2 Rd7 22. Kf2 Rad8 23. Rhd1 Rxd1 24. Rxd1 Rxd1 25. Qxd1 Qxa2+ 26. Kg3 Qa5 27. Qd8+ Kg7 28. Qe7 Qe1+ 29. Kg2 Qd2+ 30. Kg3 Qd6 31. Qe8 c6 32. h4 h5 33. b4 Qc7 34. b5 cxb5 35. Qxb5 a5 36. f4 exf4+ 37. exf4 Qc3+ 38. Kf2 Qd4+ 39. Kf3 a4 40. f5 gxf5 41. exf5 a3 42. Qa6 Qxh4 43. Kg2 Qg4+ 44. Kh1 Qe4+ 45. Kg1 Qb1+ 46. Kh2 a2 47. f6+ Kg6 48. Qa8 a1Q 49. Qg8+ Kxf6 50. Qd8+ Kg7 0-1

[Event "Tampere TammerSh fall-A"]
[Site "Tampere"]
[Date "2018.10.13"]
[Round "1"]
[White "Sorvari, Jarmo"]
[Black "Keinanen, Toivo"]
[Result "0-1"]
[WhiteElo "2085"]
[BlackElo "2395"]
[PlyCount "90"]
[EventDate "2018.10.13"]
[EventType "swiss"]
[EventRounds "4"]
[EventCountry "FIN"]
[SourceTitle "EXT 2021"]
[Source "ChessBase"]
[SourceDate "2020.10.23"]
[SourceVersion "1"]
[SourceVersionDate "2020.10.23"]
[SourceQuality "1"]

1. d4 d5 2. Bf4 c5 3. e3 Nc6 4. c3 Nf6 5. Nd2 cxd4 6. exd4 Bg4 7. Ngf3 e6 8. Bd3 Bd6 9. Bxd6 Qxd6 10. 0-0 0-0 11. Qe1 Rab8 12. Ne5 Bh5 13. f4 Ne7 14. Qh4 Bg6 15. Nxg6 Nxg6 16. Qf2 Ng4 17. Qf3 f5 18. a4 Nf6 19. g3 Qb6 20. Rab1 Ne4 21. Qe2 Ne7 22. Nf3 Nc6 23. Kg2 Rfc8 24. Ng5 Nxg5 25. fxg5 Re8 26. Qf3 Qd8 27. h4 g6 28. Rbe1 e5 29. dxe5 Nxe5 30. Qe3 Nc6 31. Qc5 Qd7 32. Rd1 b6 33. Qb5 Rbd8 34. Bc4 Re5 35. Rd2 Qe6 36. Rfd1 Ne7 37. Rd4 Kg7 38. Bb3 Re3 39. R1d2 f4 40. Rxf4 Nf5 41. Bxd5 Rxg3+ 42. Kf1 Qe5 43. Re4 Rf3+ 44. Ke2 Re3+ 45. Rxe3 Nxe3 0-1

[Event "Tampere TammerSh fall-A"]
[Site "Tampere"]
[Date "2018.10.13"]
[Round "4"]
[White "Sorvari, Jarmo"]
[Black "Laihonen, Petteri"]
[Result "0-1"]
[WhiteElo "2085"]
[BlackElo "2180"]
[PlyCount "62"]
[EventDate "2018.10.13"]
[EventType "swiss"]
[EventRounds "4"]
[EventCountry "FIN"]
[SourceTitle "EXT 2021"]
[Source "ChessBase"]
[SourceDate "2020.10.23"]
[SourceVersion "1"]
[SourceVersionDate "2020.10.23"]
[SourceQuality "1"]

1. d4 Nf6 2. c4 g6 3. Nc3 Bg7 4. Nf3 0-0 5. Bg5 c5 6. d5 h6 7. Bh4 d6 8. Nd2 g5 9. Bg3 Nh5 10. e3 Nxg3 11. hxg3 f5 12. f4 e5 13. dxe6 Bxe6 14. Qc2 Nc6 15. a3 a6 16. 0-0-0 Rb8 17. Rh5 Qe8 18. Be2 g4 19. Rdh1 Bf7 20. Rxf5 Qxe3 21. Bxg4 Nd4 22. Qd1 b5 23. Nd5 Bxd5 24. Rxf8+ Rxf8 25. cxd5 c4 26. Kb1 Qd3+ 27. Ka2 c3 28. Nb3 Qc4 29. bxc3 Qxc3 30. Nxd4 Bxd4 31. Qe2 b4 0-1

[Event "FIN-chT1A 1819"]
[Site "Finland"]
[Date "2018.09.15"]
[Round "1.4"]
[White "Sorvari, Jarmo"]
[Black "Aakio, Seppo"]
[Result "1/2-1/2"]
[WhiteElo "2086"]
[BlackElo "2054"]
[PlyCount "112"]
[EventDate "2018.09.15"]
[EventType "team-tourn"]
[EventRounds "7"]
[EventCountry "FIN"]
[SourceTitle "EXT 2020"]
[Source "ChessBase"]
[SourceDate "2019.10.17"]
[SourceVersion "1"]
[SourceVersionDate "2019.10.17"]
[SourceQuality "1"]
[WhiteTeam "Tampere Tammer II"]
[BlackTeam "Helsinki LauttSK"]
[WhiteTeamCountry "FIN"]
[BlackTeamCountry "FIN"]

1. d4 d6 2. c4 e5 3. Nf3 Nd7 4. Nc3 c6 5. e4 Be7 6. Be2 Qc7 7. 0-0 Ngf6 8. h3 0-0 9. Be3 Re8 10. Rc1 a5 11. Re1 exd4 12. Qxd4 Bf8 13. Bf4 Ne5 14. Qe3 Bd7 15. c5 Qd8 16. cxd6 Bxd6 17. Nd4 Bb8 18. Rcd1 Ng6 19. Bxb8 Qxb8 20. a4 Qc7 21. Bc4 h6 22. Nf3 Be6 23. Bxe6 Rxe6 24. Nd4 Ree8 25. Nf5 Rad8 26. f3 Ne7 27. Qc5 Nxf5 28. exf5 Rxd1 29. Rxd1 Re5 30. Qd4 Qe7 31. Qd8+ Kh7 32. Qxe7 Rxe7 33. Kf2 h5 34. g4 Kh6 35. Kg3 g6 36. h4 hxg4 37. fxg4 Ne4+ 38. Kf4 gxf5 39. Kxf5 Nc5 40. Rd6+ Kg7 41. Rd4 Re1 42. Ne4 Ne6 43. Rd2 Rf1+ 44. Ke5 Re1 45. Kf5 Rf1+ 46. Nf2 Nd4+ 47. Ke4 Nb3 48. Rc2 Re1+ 49. Kf4 Nd4 50. Rd2 Ne6+ 51. Kf3 Nc5 52. Nd3 Nxd3 53. Rxd3 Re7 54. Rd4 Re5 55. Kf4 Re2 56. b3 Rb2 1/2-1/2

[Event "Heart of Finland op 28th"]
[Site "Jyvaskyla"]
[Date "2018.07.18"]
[Round "4"]
[White "Engman, Rikard"]
[Black "Sorvari, Jarmo"]
[Result "1-0"]
[WhiteElo "2171"]
[BlackElo "2049"]
[PlyCount "89"]
[EventDate "2018.07.16"]
[EventType "swiss"]
[EventRounds "9"]
[EventCountry "FIN"]
[SourceTitle "CBM 185 Extra"]
[Source "ChessBase"]
[SourceDate "2018.07.29"]
[SourceVersion "1"]
[SourceVersionDate "2018.07.29"]
[SourceQuality "1"]

1. d4 Nf6 2. c4 e6 3. Nf3 Bb4+ 4. Bd2 Qe7 5. g3 Nc6 6. Bg2 Bxd2+ 7. Nbxd2 d6 8. e4 e5 9. d5 Nb8 10. Qa4+ Bd7 11. Qb3 Bc8 12. Qc3 b6 13. b4 a5 14. a3 axb4 15. axb4 Rxa1+ 16. Qxa1 c5 17. bxc5 bxc5 18. 0-0 0-0 19. Ne1 Nbd7 20. Nd3 Ng4 21. h3 Nh6 22. f4 exf4 23. gxf4 f6 24. Re1 Nf7 25. Bf3 g5 26. Bg4 gxf4 27. Nxf4 Qe5 28. Nh5 Nh6 29. Nf3 Qxa1 30. Be6+ Kh8 31. Rxa1 Nb6 32. Nd2 f5 33. Ra7 f4 34. Kf2 Ng8 35. Rc7 Bxe6 36. dxe6 Nc8 37. Kf3 Nge7 38. Kg4 Ng6 39. Kg5 Nge7 40. Nxf4 h6+ 41. Kg4 Kg7 42. Nd5 Re8 43. Nf3 Kf8 44. Nf6 Rd8 45. Rd7 1-0

[Event "FIN-chT1B 1718"]
[Site "Finland"]
[Date "2018.02.03"]
[Round "6.2"]
[White "Sorvari, Jarmo"]
[Black "Hokkanen, Petri"]
[Result "0-1"]
[WhiteElo "2047"]
[BlackElo "2257"]
[PlyCount "64"]
[EventDate "2017.09.16"]
[EventType "team-tourn"]
[EventRounds "7"]
[EventCountry "FIN"]
[SourceTitle "EXT 2020"]
[Source "ChessBase"]
[SourceDate "2019.10.17"]
[SourceVersion "1"]
[SourceVersionDate "2019.10.17"]
[SourceQuality "1"]
[WhiteTeam "Tampere Tammer II"]
[BlackTeam "Joensuu SK"]
[WhiteTeamCountry "FIN"]
[BlackTeamCountry "FIN"]

1. d4 d5 2. Bf4 c6 3. e3 Qb6 4. b3 a5 5. Bd3 a4 6. Nd2 Nf6 7. h3 e6 8. c3 c5 9. Ngf3 Nc6 10. 0-0 Be7 11. Ne5 0-0 12. g4 axb3 13. axb3 Rxa1 14. Qxa1 cxd4 15. exd4 Nxe5 16. Bxe5 Bd7 17. Qb1 g6 18. c4 Qb4 19. Qc2 Ra8 20. f4 dxc4 21. bxc4 Ba4 22. Qc1 Bc6 23. f5 Ra2 24. Rf2 Nxg4 25. hxg4 Bg5 26. fxg6 fxg6 27. Ne4 Bxc1 28. Nf6+ Kf7 29. Rxa2 Qe1+ 30. Kh2 Qh4+ 31. Kg1 Qh1+ 32. Kf2 Qg2+ 0-1

[Event "FIN-chT1B 1718"]
[Site "Finland"]
[Date "2017.10.22"]
[Round "4.6"]
[White "Sorvari, Jarmo"]
[Black "Koskinen, Erkki"]
[Result "1-0"]
[WhiteElo "2047"]
[BlackElo "1917"]
[PlyCount "89"]
[EventDate "2017.09.16"]
[EventType "team-tourn"]
[EventRounds "7"]
[EventCountry "FIN"]
[SourceTitle "EXT 2020"]
[Source "ChessBase"]
[SourceDate "2019.10.17"]
[SourceVersion "1"]
[SourceVersionDate "2019.10.17"]
[SourceQuality "1"]
[WhiteTeam "Tampere Tammer II"]
[BlackTeam "Helsinki Garde"]
[WhiteTeamCountry "FIN"]
[BlackTeamCountry "FIN"]

1. d4 g6 2. c4 Bg7 3. Nc3 f5 4. g3 Nf6 5. Bg2 d6 6. Nf3 c6 7. 0-0 0-0 8. b3 Qa5 9. Qd2 e5 10. Rb1 Qc7 11. e3 e4 12. Ne1 d5 13. cxd5 cxd5 14. Ba3 Rd8 15. Rc1 Nc6 16. Nc2 Be6 17. Na4 Rac8 18. Nc5 Bf7 19. b4 b5 20. Bb2 Qb6 21. a4 a6 22. Ra1 Nb8 23. axb5 axb5 24. Ra5 Ne8 25. Qe2 Nc7 26. Rfa1 Nc6 27. R5a2 Ne7 28. Bf1 g5 29. Ra7 Be8 30. f3 exf3 31. Qxf3 Qg6 32. Bd3 g4 33. Qf2 Qf6 34. Bc3 Rd6 35. Ne1 Ne6 36. Nxe6 Qxe6 37. Bd2 Bc6 38. Ng2 Rd7 39. Nf4 Qf6 40. R1a6 Rxa7 41. Rxa7 Qd6 42. Qf1 Rb8 43. Nh5 Bd7 44. Qa1 Bf8 45. Rxd7 1-0

[Event "Hamina We Bastion A"]
[Site "Hamina"]
[Date "2017.09.24"]
[Round "5"]
[White "Lonnqvist, Henrik"]
[Black "Sorvari, Jarmo"]
[Result "0-1"]
[WhiteElo "1997"]
[BlackElo "2047"]
[PlyCount "146"]
[EventDate "2017.09.23"]
[EventType "swiss"]
[EventRounds "5"]
[EventCountry "FIN"]
[SourceTitle "EXT 2022"]
[Source "ChessBase"]
[SourceDate "2021.10.06"]
[SourceVersion "1"]
[SourceVersionDate "2021.10.06"]
[SourceQuality "1"]

1. e4 c5 2. Nf3 d6 3. d4 cxd4 4. Nxd4 Nf6 5. Nc3 a6 6. h3 e5 7. Nde2 h5 8. g3 Nbd7 9. a4 b6 10. Bg2 Bb7 11. 0-0 Be7 12. Be3 Rc8 13. b3 Qc7 14. Rc1 Qb8 15. Nd5 Bxd5 16. exd5 b5 17. a5 b4 18. Qd2 0-0 19. Ra1 Qb5 20. f4 Nc5 21. Rfc1 Nfe4 22. Qe1 Nc3 23. Nxc3 bxc3 24. fxe5 dxe5 25. Qxc3 Bf6 26. Qe1 e4 27. Rab1 Qd7 28. b4 Na4 29. c4 Nb2 30. Qe2 Nd3 31. Rc2 Qd6 32. Bf2 Rfe8 33. Bxe4 Nxf2 34. Kxf2 Bd4+ 35. Kg2 f5 36. c5 Qg6 37. Bd3 Rxe2+ 38. Rxe2 Re8 39. Rbe1 Rxe2+ 40. Rxe2 Qf7 41. Re6 Qd7 42. Bc4 Qa4 43. d6 Qc2+ 44. Be2 Qb1 45. Bf1 Qa2+ 46. Re2 Qd5+ 47. Kh2 f4 48. gxf4 Qf3 49. d7 Qxf4+ 50. Kg2 Qg5+ 51. Kf3 Qf5+ 52. Kg3 h4+ 53. Kg2 Qxd7 54. Re4 Qd5 55. Kf3 Qf5+ 56. Rf4 Qd5+ 57. Kg4 g5 58. Rf5 Qe4+ 59. Kxg5 Be3+ 60. Kg6 Qe8+ 61. Kf6 Qf7+ 62. Ke5 Qe7+ 63. Kd5 Qd7+ 64. Ke5 Kg7 65. Ke4 Qd4+ 66. Kf3 Bd2 67. Bxa6 Kg6 68. Rf8 Qe3+ 69. Kg2 Qg3+ 70. Kf1 Qxh3+ 71. Ke2 Qe3+ 72. Kf1 h3 73. Bb7 Qe1# 0-1

[Event "Hamina We Bastion A"]
[Site "Hamina"]
[Date "2017.09.23"]
[Round "2"]
[White "Penttila, Tero"]
[Black "Sorvari, Jarmo"]
[Result "1-0"]
[WhiteElo "1987"]
[BlackElo "2047"]
[PlyCount "59"]
[EventDate "2017.09.23"]
[EventType "swiss"]
[EventRounds "5"]
[EventCountry "FIN"]
[SourceTitle "EXT 2022"]
[Source "ChessBase"]
[SourceDate "2021.10.06"]
[SourceVersion "1"]
[SourceVersionDate "2021.10.06"]
[SourceQuality "1"]

1. e4 c5 2. Nf3 d6 3. Bb5+ Bd7 4. a4 Nc6 5. 0-0 Nf6 6. Re1 e6 7. c3 Be7 8. d4 a6 9. Bf1 0-0 10. d5 exd5 11. exd5 Nb8 12. Bg5 Re8 13. c4 h6 14. Bh4 Bc8 15. Nc3 Nbd7 16. Bd3 Nf8 17. h3 Bd7 18. Bc2 b6 19. Qd3 Rb8 20. Re3 Nh5 21. Bxe7 Rxe7 22. Rxe7 Qxe7 23. Re1 Qd8 24. Qd2 Nf6 25. Qf4 Be8 26. g4 b5 27. axb5 axb5 28. b3 bxc4 29. bxc4 Rb2 30. Bf5 1-0

[Event "Hamina We Bastion A"]
[Site "Hamina"]
[Date "2017.09.23"]
[Round "1"]
[White "Sorvari, Jarmo"]
[Black "Maki Uuro, Miika"]
[Result "0-1"]
[WhiteElo "2047"]
[BlackElo "2347"]
[PlyCount "74"]
[EventDate "2017.09.23"]
[EventType "swiss"]
[EventRounds "5"]
[EventCountry "FIN"]
[SourceTitle "EXT 2022"]
[Source "ChessBase"]
[SourceDate "2021.10.06"]
[SourceVersion "1"]
[SourceVersionDate "2021.10.06"]
[SourceQuality "1"]

1. d4 d5 2. Bf4 Nf6 3. e3 c5 4. Nc3 cxd4 5. exd4 a6 6. Nf3 Nc6 7. Be2 Bg4 8. h3 Bxf3 9. Bxf3 e6 10. Qd2 Be7 11. Ne2 Rc8 12. c3 0-0 13. Nc1 Na5 14. Nd3 Nc4 15. Qe2 Nd7 16. 0-0 Re8 17. Rfe1 Bf8 18. Rad1 b5 19. Bc1 a5 20. Ne5 Ncxe5 21. dxe5 b4 22. Bd2 Qb6 23. Qd3 Rc7 24. Rc1 Rec8 25. Bd1 g6 26. Kf1 Bg7 27. f4 bxc3 28. Bxc3 Rc4 29. Qd2 Bh6 30. g3 a4 31. b3 axb3 32. Bxb3 R4c6 33. Bb2 Nc5 34. Qe3 Qb5+ 35. Kg1 Bf8 36. Ba3 d4 37. Qd2 Nxb3 0-1

[Event "Helsinki We Garde Spring A"]
[Site "Helsinki"]
[Date "2017.04.02"]
[Round "4"]
[White "Koskinen, Veikko"]
[Black "Sorvari, Jarmo"]
[Result "0-1"]
[WhiteElo "2000"]
[BlackElo "2053"]
[PlyCount "58"]
[EventDate "2017.03.31"]
[EventType "swiss"]
[EventRounds "5"]
[EventCountry "FIN"]
[SourceTitle "EXT 2022"]
[Source "ChessBase"]
[SourceDate "2021.10.06"]
[SourceVersion "1"]
[SourceVersionDate "2021.10.06"]
[SourceQuality "1"]

1. e4 c5 2. Nf3 d6 3. c3 Nf6 4. Be2 Nc6 5. d4 cxd4 6. cxd4 d5 7. e5 Ne4 8. 0-0 e6 9. Nc3 Be7 10. Be3 Nxc3 11. bxc3 Bd7 12. c4 dxc4 13. Bxc4 Na5 14. Bd3 Bc6 15. Nd2 Qd7 16. Qe2 Bd5 17. Rfc1 Nc6 18. Bb5 0-0 19. Qg4 Kh8 20. Ba4 f5 21. exf6 gxf6 22. Qh3 Rg8 23. g3 Raf8 24. Bb3 f5 25. f4 Bf6 26. Bxd5 Qxd5 27. Rc5 Qd6 28. Nb3 Nxd4 29. Kf2 Nxb3 0-1

[Event "Helsinki We Garde Spring A"]
[Site "Helsinki"]
[Date "2017.04.01"]
[Round "2"]
[White "Sorvari, Jarmo"]
[Black "Alho, Mikko"]
[Result "0-1"]
[WhiteElo "2053"]
[BlackElo "2038"]
[PlyCount "116"]
[EventDate "2017.03.31"]
[EventType "swiss"]
[EventRounds "5"]
[EventCountry "FIN"]
[SourceTitle "EXT 2022"]
[Source "ChessBase"]
[SourceDate "2021.10.06"]
[SourceVersion "1"]
[SourceVersionDate "2021.10.06"]
[SourceQuality "1"]

1. d4 Nf6 2. c4 g6 3. Nc3 Bg7 4. Nf3 0-0 5. Bg5 c5 6. d5 b5 7. cxb5 a6 8. bxa6 Bxa6 9. e4 Bxf1 10. Kxf1 d6 11. g3 Qb6 12. Qe2 Nbd7 13. Kg2 h6 14. Bc1 Rfc8 15. Nd2 e6 16. Nc4 Qa6 17. Rd1 exd5 18. Nxd5 Nxd5 19. Rxd5 Nb6 20. Rxd6 Qxc4 21. Qf3 Rab8 22. Bf4 g5 23. Be3 Re8 24. Rc1 Qxe4 25. b3 Bf8 26. Rc6 Nd7 27. Rc7 Qxf3+ 28. Kxf3 Ne5+ 29. Kg2 Rbc8 30. Rxc8 Rxc8 31. Rc3 g4 32. h3 f5 33. hxg4 fxg4 34. Bf4 Nf3 35. Be3 Rd8 36. Kf1 Re8 37. Ke2 Kf7 38. Kd3 Re5 39. a4 Ke6 40. Rc4 h5 41. a5 Kd5 42. a6 Re8 43. Ra4 Ne5+ 44. Kc2 Nc6 45. a7 Ra8 46. Rf4 Bg7 47. Rf5+ Be5 48. Rxh5 Rxa7 49. b4 Nxb4+ 50. Kb3 Nc6 51. Rg5 c4+ 52. Kc2 Rg7 53. Rh5 Ke4 54. Rh4 Nb4+ 55. Kc1 Bxg3 56. Rh8 Nd3+ 57. Kd2 Bf4 58. Re8+ Ne5 0-1